000 00789nam a2200217 a 4500
001 000038799
005 20241010113235.0
008 130424s1982 dr a 000 0 spa d
040 _aDO-SdBNP
_bspa
_cBNPHU
082 _a268
_bM828d
100 1 _aMorales, Alfredo A.
_916851
245 1 3 _aDe la mañana a la noche... :
_bespiritu y estilo de la educación lasallista /
_cAlfredo A. Morales.
260 _aSantiago de los Caballeros, República Dominicana :
_bAmigo del Hogar,
_c1982.
300 _a165 p. :
_bil. ;
_c23 cm.
504 _aBibliografía: p.161-162.
590 _aInventariado, 2018/ YL
600 1 4 _aSALLE, JUAN BAUTISTA DE LA,
_cSAN,
_d1651-1719
_965102
650 4 _aEducación cristiana
_911641
650 0 _aPedagogía
_9693
910 _aValidado. Control de calidad EMS
999 _c38289
_d38289